| 000 | 00744nam a2200205 a 4500 | ||
|---|---|---|---|
| 001 | 000005355 | ||
| 005 | 20200929151642.0 | ||
| 008 | 090819s1991 sp a 001 0 spa d | ||
| 020 | _a8400072006 | ||
| 040 |
_aDO-SdBNP _bspa _cBNPHU |
||
| 082 |
_axxxx _bM938n |
||
| 100 | 1 |
_aMoyano Bazzani, Eduardo L. _915190 |
|
| 245 | 1 | 3 |
_aLa nueva frontera del azúcar : _bel ferrocarril y la economía cubana del siglo XIX / _cEduardo L. Moyano Bazzani. |
| 260 |
_aMadrid, España : _bConsejo Superior de Investigaciones Científicas, _c1991. |
||
| 300 |
_a404 p. : _bil. ; _c24 cm. |
||
| 490 | 1 |
_aBiblioteca de Historia de América ; _v4 |
|
| 500 | _aIncluye tabla de contenido | ||
| 830 | 0 |
_aBiblioteca de Historia de América ; _n4 _915191 |
|
| 049 | _aBNPD | ||
| 999 |
_c5156 _d5156 |
||